000 00483nam a2200181Ia 4500
008 131103s9999 xx 000 0 und d
040 _aLoreto College
041 _aEnglish
082 _a841/MAU
_bLCLIB/19172
100 _aMauger, G
245 _aCours de langue et de civilisation francaises
_cG. Mauger
260 _aParis
_bLibrairie
_c1949
300 _a227p.
_c 22cm.
504 _aIncludes index
650 _aFranch literature
850 _aLCLIB/841/MAU
942 _cBK
999 _c24510
_d74989